Motýli /

Hlavní autor: Novák, Ivo, 1930-
Další autoři: Severa, František, 1924-2005
Jazyk: Čeština
Vydáno: Praha : Aventinum, 2005
Vydání: 2. české vyd.
Témata:
Fyzický popis: 367 s. : il. (převážně barev.) ; 20 cm
Knihy
Uloženo v:
LEADER 01316nam a2200421 a 4500
001 nkc20051584022
003 CZ PrNK
005 20051207120842.0
007 ta
008 050930s2005 xr a e 001 0 cze
015 |a cnb001584022 
020 |a 80-86858-05-7  |q (váz.) 
035 |a (OCoLC)52970664 
040 |a BOA001  |b cze  |d ABA001 
043 |a e------ 
072 7 |a 59  |x Zoologie  |2 Konspekt  |9 2 
080 |a 595.78  |2 MRF 
080 |a 591.9  |2 MRF 
080 |a (4)  |2 MRF 
080 |a (084.42)  |2 MRF 
100 1 |a Novák, Ivo,  |d 1930-  |7 jk01090392  |4 aut 
245 1 0 |a Motýli /  |c Ivo Novák, [ilustroval] František Severa 
250 |a 2. české vyd. 
260 |a Praha :  |b Aventinum,  |c 2005 
300 |a 367 s. :  |b il. (převážně barev.) ;  |c 20 cm 
504 |a Obsahuje bibliografii a rejstříky 
650 0 7 |a motýli  |7 ph115365  |2 czenas 
650 0 7 |a fauna  |7 ph114529  |z Evropa  |2 czenas 
650 0 9 |a butterflies  |2 eczenas 
650 0 9 |a animals  |z Europe  |2 eczenas 
655 7 |a atlasy  |7 fd131835  |2 czenas 
655 9 |a atlases  |2 eczenas 
700 1 |a Severa, František,  |d 1924-2005  |7 jn20000703281  |4 ill 
910 2 |a BOA001  |b 2-1158.354 
990 |a BK 
995 |a 01 
991 |b 200510  |c NOV 
996 6 |b 2610260495  |c 2-1158.354  |l MZK  |r Sklad / do 1 hodiny  |n 0  |p p.v.  |w 000791218  |u 000010  |a 1  |e BOA001  |j MZK50  |s P